Scientific attitude scale / (Record no. 76163)

MARC details
000 -LEADER
fixed length control field 00558nam a22001937a 4500
005 - DATE AND TIME OF LATEST TRANSACTION
control field 20130606111133.0
010 ## - LCCN (DPL NO)
LC control number ENG-107301
020 ## - INTERNATIONAL STANDARD BOOK NUMBER
International Standard Book Number 9788183163606
Terms of availability 95.00
035 ## - SYSTEM CONTROL NUMBER
System control number EN-90834
037 ## - SOURCE OF ACQUISITION
Source of stock number/acquisition DBAD/PUB
082 ## - DEWEY DECIMAL CLASSIFICATION NUMBER
Classification number 501
100 ## - MAIN ENTRY--PERSONAL NAME
Personal name Vidya Sagar,J.
245 ## - TITLE STATEMENT
Title Scientific attitude scale /
Statement of responsibility, etc by J.Vidya Sagar
260 ## - PUBLICATION, DISTRIBUTION, ETC. (IMPRINT)
Place of publication, distribution, etc Hyderabad
Name of publisher, distributor, etc Neelkamal Publications
Date of publication, distribution, etc 2012
270 ## - ADDRESS
Address Sultan Bazar
City Hyderabad
Postal code 500095
300 ## - PHYSICAL DESCRIPTION
Extent vii,40p.
Dimensions 22cm(pbk)
500 ## - GENERAL NOTE
General note Includes bibliographical references
942 ## - ADDED ENTRY ELEMENTS (KOHA)
Source of classification or shelving scheme Dewey Decimal Classification
Item type English Books
Call number suffix VID
Classification part 501
Holdings
Withdrawn status Lost status Not for loan Collection code Home library Current library Date acquired Source of acquisition Cost, normal purchase price Full call number Barcode Copy number Cost, replacement price Koha item type
    Not For Loan Non-fiction D.B.Act.Division D.B.Act.Division 27/05/2013 DBAD / PUB 95.00 501 VID EN-90834 1 95.00 English Books

© Delhi Public Library
Hit Counter
free hit counter